Reformation als bäuerliche Revolution : Bildersturm, Klosterbesetzungen und Kampf gegen die Leibeigenschaft in Zürich zur Zeit der Reformation (1522-1525) /

Saved in:
Bibliographic Details
Main Author: Kamber, Peter.
Format: Book
Language:German
Published: Zürich : Chronos, c2010.
Subjects:
Tags: Add Tag
No Tags, Be the first to tag this record!
LEADER 01071nam a2200265Ia 4500
001 012209268-6
005 20100422114740.0
008 100320s2010 sz a b 001 0 ger d
020 |a 9783034008082 (hd.bd.) 
035 0 |a ocn517257858 
040 |a NyNyMAR  |c NyNyMAR 
043 |a e-sz--- 
090 |a BR410  |b .K36 2010 
100 1 |a Kamber, Peter. 
245 1 0 |a Reformation als bäuerliche Revolution :  |b Bildersturm, Klosterbesetzungen und Kampf gegen die Leibeigenschaft in Zürich zur Zeit der Reformation (1522-1525) /  |c Peter Kamber. 
246 3 0 |a Bildersturm, Klosterbesetzungen und Kampf gegen die Leibeigenschaft in Zürich zur Zeit der Reformation (1522-1525) 
260 |a Zürich :  |b Chronos,  |c c2010. 
300 |a 501 p. :  |b ill. (some col.) ;  |c 24 cm. 
504 |a Includes bibliographical references and index. 
650 0 |a Reformation  |z Switzerland  |z Zurich. 
650 0 |a Iconoclasm  |z Switzerland  |z Zurich. 
651 0 |a Zurich (Switzerland)  |x Church history  |y 16th century. 
650 0 |a Serfdom  |z Switzerland  |z Zurich  |x History. 
988 |a 20100222 
906 |0 VEN